000 00252nam a22001217a 4500
020 _a0-7214-1021-9
082 _a823
_bDIS/L
245 _aLADY AND THE TRAMP
260 _aUK
_bLADYBIRD
300 _a43
650 _aENGLISH SHORT STORY
_zUK
942 _cBK
999 _c3753
_d3753